| 000 | 00367nam a2200145Ia 4500 | ||
|---|---|---|---|
| 008 | 240624s9999 xx 000 0 und d | ||
| 041 | _aeng | ||
| 082 | _a200 FOE | ||
| 100 | _aFOEGE ALEC | ||
| 245 | _aEMPIRE GOD BUILT INSIDE PAT ROBERTSON S | ||
| 250 | _a11 | ||
| 260 |
_c1996 _aCanada _bJohn Wiley and Sons |
||
| 300 | _axi, : 242 : p. : cm. ; 23 | ||
| 365 |
_c _b30 |
||
| 999 |
_c17869 _d17869 |
||